| 000 | 00000nam 2200000zi 4500 |
| 001 | 9.558528 |
| 003 | CaOODSP |
| 005 | 20210727145903 |
| 007 | cr ||||||||||| |
| 008 | 150406s2004||||xxc|||||o f|0| 0 eng d |
| 020 | |a0662345525 |
| 022 | |a1205-9153 |
| 040 | |aCaOODSP|beng |
| 043 | |an-cn--- |
| 086 | 1 |aCS11-0019/205E-PDF |
| 100 | 1 |aBaggs, Jennifer Jane,|d1975- |eauthor. |
| 245 | 10|aChanging trade barriers and Canadian firms : |bsurvival and exit after the Canada-U.S. Free Trade Agreement / |cby Jen Baggs. |
| 246 | 10|aSurvival and exit after the Canada-U.S. Free Trade Agreement |
| 264 | 1|aOttawa, Ontario : |bStatistics Canada, |cApril 2004. |
| 300 | |a1 online reference (39 pages) : |bgraph, tables. |
| 336 | |atext|btxt|2rdacontent |
| 337 | |acomputer|bc|2rdamedia |
| 338 | |aonline resource|bcr|2rdacarrier |
| 490 | 1 |aAnalytical Studies Branch research paper series ; |x1205-9153|vNo. 205 |
| 504 | |aIncludes bibliographical references. |
| 590 | |a12-34-Supp|b2012-07-31 |
| 710 | 2 |aStatistics Canada, |eissuing body. |
| 775 | 08|tL'évolution des obstacles aux échanges et les entreprises canadiennes : |w(CaOODSP)9.591373 |
| 830 | #0|aResearch paper series (Statistics Canada. Analytical Studies Branch)|x1205-9153|vNo. 205|w(CaOODSP)9.504421 |
| 856 | 40|ahttp://publications.gc.ca|qPDF|s397 KB|uhttps://publications.gc.ca/collections/collection_2012/statcan/11f0019m/11f0019m2004205-eng.pdf|yNo. 205 |